000 00295nam a2200133Ia 4500
100 _aGottlieb/ I.M.
942 _cBK
654 _aElectronics
245 _aElectronics Power Control
260 _bMc Graw Hill / Macmillan
_aNew York
_c1993
300 _a265
546 _aENGLISH
999 _c32582
_d32582